Humedales para la gente (Registro nro. 18563)

Detalles MARC
000 -CABECERA
Campo de control 01894nam a2200421 4500
005 - FECHA Y HORA DE LA ULTIMA TRANSACCION
Campo de control 20200104041744.0
008 - ELEMENTOS DE LONGITUD FIJA—INFORMACION GENERAL
Campo de control 160516s2015 ck ado||r|||| 00| 0 spa d
020 ## - ISBN
ISBN 9789588889436
040 ## - FUENTE DE CATALOGACIÓN
Agencia catalogadora original CO-BoIAVH
Agencia transcriptora CO-BoIAVH
041 0# - IDIOMA
Código de idioma para texto/pista de sonido o título separado Español
044 ## - PAÍS DE PUBLICACIÓN
País de publicación Colombia
082 04 - NUMERO DE CLASIFICACION DECIMAL DEWEY
Número de clasificación 363.70525
Número del ítem M91h
100 1# - ASIENTO PRINCIPAL--NOMBRE PERSONAL
Nombre personal Mosquera, Sandra Liliana
Término relacionado autor
9 (RLIN) 33945
245 10 - MENCION DE TITULO
Título Humedales para la gente
Parte restante del título visiones desde lo local /
Mención de responsabilidad Sandra Liliana Mosquera, Olga Nieto y Carlos Tapia
260 ## - PUBLICACION, DISTRIBUCION, ETC. (PIE DE IMPRENTA)
Lugar de publicación, distribución, etc. Bogotá :
Nombre del editor, distribuidor, etc. Instituto de Investigación de Recursos Biológicos Alexander von Humboldt,
Fecha de publicación, distribución, etc. 2015.
300 ## - DESCRIPCION FISICA
Extensión 98 páginas :
Otros detalles físicos ilustraciones, gráficas, tablas y fotografías a color ;
Dimensiones 22 x 21 cm.
504 ## - NOTA DE BIBLIOGRAFIA, ETC.
Nota de bibliografía Incluye referencias bibliográficas (páginas 94-98).
505 0# - NOTA DE CONTENIDO
Nota de contenido La importancia de los humedales para las comunidades locales y su bienestar en Colombia.
505 0# - NOTA DE CONTENIDO
Nota de contenido El diálogo de saberes como escenario de aprendizaje para la gestión de humedales en Colombia.
505 0# - NOTA DE CONTENIDO
Nota de contenido Percepción local de los humedales.
505 0# - NOTA DE CONTENIDO
Nota de contenido Anotaciones y memoria.
505 0# - NOTA DE CONTENIDO
Nota de contenido Mesas de trabajo por regiones biogeográficas.
505 0# - NOTA DE CONTENIDO
Nota de contenido Manifiesto por los humedales de Colombia.
505 0# - NOTA DE CONTENIDO
Nota de contenido Aprendizajes y recomendaciones.
650 14 - ASIENTO SECUNDARIO DE MATERIA - TERMINO TEMATICO
Término temático o nombre geográfico como elemento de entrada Humedales
9 (RLIN) 92440
650 24 - ASIENTO SECUNDARIO DE MATERIA - TERMINO TEMATICO
Término temático o nombre geográfico como elemento de entrada Conocimiento tradicional
Subdivisión geográfica Colombia
9 (RLIN) 71414
650 24 - ASIENTO SECUNDARIO DE MATERIA - TERMINO TEMATICO
Término temático o nombre geográfico como elemento de entrada Comunidades indígenas
9 (RLIN) 92521
650 24 - ASIENTO SECUNDARIO DE MATERIA - TERMINO TEMATICO
Término temático o nombre geográfico como elemento de entrada Comunidades negras
9 (RLIN) 95728
650 26 - ASIENTO SECUNDARIO DE MATERIA - TERMINO TEMATICO
Término temático o nombre geográfico como elemento de entrada Comunidades de pescadores
9 (RLIN) 65111
650 26 - ASIENTO SECUNDARIO DE MATERIA - TERMINO TEMATICO
Término temático o nombre geográfico como elemento de entrada Campesinado
9 (RLIN) 71417
650 26 - ASIENTO SECUNDARIO DE MATERIA - TERMINO TEMATICO
Término temático o nombre geográfico como elemento de entrada Protección ambiental
Subdivisión general participación de los ciudadanos
9 (RLIN) 71418
650 24 - ASIENTO SECUNDARIO DE MATERIA - TERMINO TEMATICO
Término temático o nombre geográfico como elemento de entrada Protección ambiental
Subdivisión general participación ciudadana
9 (RLIN) 71419
650 26 - ASIENTO SECUNDARIO DE MATERIA - TERMINO TEMATICO
9 (RLIN) 71413
Término temático o nombre geográfico como elemento de entrada Conocimiento indígena
Subdivisión geográfica Colombia
700 1# - ASIENTO SECUNDARIO - NOMBRE PERSONAL
Nombre personal Nieto, Olga
Término de relación autora
9 (RLIN) 22774
700 1# - ASIENTO SECUNDARIO - NOMBRE PERSONAL
Nombre personal Tapia, Carlos
Término de relación autor
9 (RLIN) 6011
710 2# - ASIENTO SECUNDARIO - NOMBRE CORPORATIVO
Nombre corporativo o de jurisdicción como elemento de entrada Instituto de Investigación de Recursos Biológicos Alexander von Humboldt.
9 (RLIN) 204
942 ## - ELEMENTOS ADICIONALES (KOHA)
Sistema de clasificación Dewey Decimal Classification
Tipo de ítem Libro
Koha issues (borrowed), all copies 2
Existencias
Withdrawn status Lost status Sistema de Clasificación Damaged status No para préstamo Colección Inventariado Ubicación Permanente Ubicación actual Fecha de adquisición Fuente de Valor Valor Total Checkouts Número topográfico Inventario / Código de Barras Date last seen Date checked out Ejemplar Price effective from Forma de adquisición Tipo de material
    Dewey Decimal Classification     Humboldt Inventariado 2017 Bogotá Bogotá 16/05/2016 Instituto 39000.00 2 IAVH-363.70525 M91h 040251 20/10/2017 20/10/2017 Ej. 1 16/05/2016 Institucional Libro
    Dewey Decimal Classification     Humboldt Inventariado 2017 Bogotá Bogotá 02/10/2017 Instituto 39000.00 1 IAVH-363.70525 M91h 041705 20/08/2019 20/08/2019 Ej. 4 02/10/2017 Institucional Libro
    Dewey Decimal Classification     Humboldt Inventariado 2017 Sala Fabio Quevedo Sala Fabio Quevedo 16/05/2016 Instituto 39000.00   IAVH-363.70525 M91h 040252 16/05/2016   Ej. 2 16/05/2016 Institucional Libro
    Dewey Decimal Classification     Humboldt Inventariado 2017 Villa de Leyva Villa de Leyva 30/08/2017 Instituto 39000.00   IAVH-363.70525 M91h 042826 30/08/2017   Ej. 3 30/08/2017 Institucional Libro